Notes on Gauge theory and Hodge theory /
Guardado en:
| Autor Principal: | |
|---|---|
| Formato: | Libro |
| Idioma: | Undetermined |
| Publicado: |
Iasi :
Terra Nostra,
2001.
|
| Series: | Publications of the Academic Foundation "Terra Nostra" ;
t. 6 |
| Etiquetas: |
Agregar Etiqueta
Sin Etiquetas, Sea el primero en etiquetar este registro!
|
| LEADER | 00628nam a22001815a 4500 | ||
|---|---|---|---|
| 001 | MAT.inmabb003023 | ||
| 008 | 051020s2001####xx#a#####b####000#0#und#d | ||
| 005 | 20170524162158.0 | ||
| 245 | 1 | 0 | |a Notes on Gauge theory and Hodge theory / |c Gheorghe Ionesei. |
| 260 | |a Iasi : |b Terra Nostra, |c 2001. | ||
| 300 | |a 127 p. : |b il. ; |c 24 cm. | ||
| 440 | 0 | |a Publications of the Academic Foundation "Terra Nostra" ; |v t. 6 | |
| 504 | |a Bibliografía: p. 115-123. | ||
| 510 | 4 | |a MR, |c 2003e:32036 | |
| 020 | |a 9739939953 | ||
| 100 | 1 | |a Ionesei, Gheorghe. | |
| 084 | |a 14D07 (14D21 32G20 53D45 81T40 81T13) |2 msc2000 | ||
| 859 | |h 14 |i Io64 |p A-8032 |b BIB. MATEMATICA | ||
